Ảnh hưởng của Calcium đến năng suất lúa trên đất phèn tại Vị Thuỷ - Hậu Giang và Thới Lai - Thành phố Cần Thơ : Luận văn thạc sĩ khoa học nông nghiệp chuyên ngành Khoa học đất

Đề tài nghiên cứu ảnh hưởng của liều lượng calcium đến sự hấp thu dinh dưỡng trên đất phèn nhẹ và xác định dạng và liều lượng calcium thích hợp giúp nâng cao năng suất lúa.

Αποθηκεύτηκε σε:
Λεπτομέρειες βιβλιογραφικής εγγραφής
Κύριος συγγραφέας: Nguyễn, Kim Thu
Μορφή: Βιβλίο
Γλώσσα:Undetermined
Έκδοση: Cần Thơ Trường Đại học Cần Thơ 2011
Θέματα:
Ετικέτες: Προσθήκη ετικέτας
Δεν υπάρχουν, Καταχωρήστε ετικέτα πρώτοι!
Thư viện lưu trữ: Trung tâm Học liệu Trường Đại học Cần Thơ
LEADER 01200nam a2200229Ia 4500
001 CTU_171576
008 210402s9999 xx 000 0 und d
082 |a 633.18 
082 |b Th500 
088 |a 60620103 
100 |a Nguyễn, Kim Thu 
245 0 |a Ảnh hưởng của Calcium đến năng suất lúa trên đất phèn tại Vị Thuỷ - Hậu Giang và Thới Lai - Thành phố Cần Thơ : 
245 0 |b Luận văn thạc sĩ khoa học nông nghiệp chuyên ngành Khoa học đất 
245 0 |c Nguyễn Kim Thu ; Cao Văn Phụng (Cán bộ hướng dẫn khoa học) 
260 |a Cần Thơ 
260 |b Trường Đại học Cần Thơ 
260 |c 2011 
520 |a Đề tài nghiên cứu ảnh hưởng của liều lượng calcium đến sự hấp thu dinh dưỡng trên đất phèn nhẹ và xác định dạng và liều lượng calcium thích hợp giúp nâng cao năng suất lúa. 
650 |a Rice,Lúa 
650 |x Research,Nghiên cứu 
904 |i Thuý Phượng, Hải 
980 |a Trung tâm Học liệu Trường Đại học Cần Thơ